| 000 | 01171nam a2200289Mi 4500 | ||
|---|---|---|---|
| 005 | 20150316065744.0 | ||
| 008 | 150316s2015 enkab fr 001 0 eng d | ||
| 020 | _a9781783264858 | ||
| 020 | _a1783264853 | ||
| 035 | _a(OCoLC)903313889 | ||
| 040 |
_aCO-BoUCM _bspa _cJose A. Gerena _dJose A. Gerena |
||
| 041 | 0 | _aeng | |
| 100 | 1 |
_aKarnavian Tito, Muhammad _967946 |
|
| 245 | 0 | 0 |
_aExplaining Islamist insurgencies _bthe case of al-Jamaah al-Islamiyyah and the radicalisation of the Poso conflict, 2000 - 2007 _cMuhammad Tito Karnavian |
| 260 |
_aLondres (Inglaterra) _bImperial College press _c2015 |
||
| 300 |
_axiii, 288 páginas _bilustraciones, mapas |
||
| 490 | 1 |
_aImperial College Press insurgency and terrorism series _v3 |
|
| 504 | _aIncluye referencias bibliográficas e índices | ||
| 610 | 2 | 4 |
_aJamaah Islamiyah (Indonesia) _967947 |
| 650 | 7 |
_aTerrorismo _xAspectos religiosos _928987 |
|
| 650 | 7 |
_aFundamentalismo islámico _916217 |
|
| 650 | 7 |
_aRadicalismo _923036 _xAspectos religiosos |
|
| 650 | 7 |
_aInsurgencia _917814 |
|
| 690 |
_942926 _aViolencia |
||
| 942 |
_2DEWEY _a5 _cLIBRO _e1 _h363.325 _mK186 |
||
| 999 |
_c298809 _d298809 |
||